00987cam a22002531 4500001001300000003000400013005001700017008004100034010001700075040003600092050002300128070002100151082001200172100003900184245011200223260013900335300003000474350001000504490007200514650001900586700003200605830007900637999001700716agr68000185 DLC20260227111030.0710901s1968 dcua 000 0 eng c aagr68000185  aU.S. Nat'l Agr. Libr.cDLCdDLC00aS21b.A72 no. 13940 a1Ag84Te no. 139400a664/.761 aPuckett, H. B.q(Hoyle B.),d1925-10aPerformance of small hammer and roller mills for grinding livestock feedc[by H. B. Puckett and D. R. Daum. aWashington]bU.S. Dept. of Agriculture, Agricultural Research Service; [for sale by the Supt. of Docs., U.S. Govt. Print. Off.,c1968] aii, 25 p.billus.c24 cm. a$0.151 aUnited States. Dept. of Agriculture. Technical bulletin ;vno. 1394 0aFeed-grinders.1 aDaum, D. R.,ejoint author. 0aTechnical bulletin (United States. Department of Agriculture) ;vno. 1394. c12491d12491